000
00292nam a2200133Ia 4500
100
_a
Gaonkar/Ramesh S
942
_c
BK
654
_a
Microprocessor
245
_a
Microprocessor architecture
260
_b
Wiley eastern
_a
New Delhi
_c
1986
300
_a
662
546
_a
ENGLISH
999
_c
24546
_d
24546